000 00723nam a22002057a 4500
005 20240530110540.0
008 160507s2013 ua a g 000 e ara d
017 _a2013/3415
_bمصر . دار الكتب المصرية
020 _a9789774482076
040 _aEG-CaGPL
082 0 4 _221
_a814\
_bج ك
100 0 _aجمال الغيطانى .
245 1 0 _aكتاب الالم :
_bالابيض و الازرق /
_cجمال الغيطانى .
250 _aط1.
260 _aالقاهرة :
_bالهيئة المصرية العامة للكتاب ،
_c2013 .
300 _a252 ص ؛
_c24 سم .
650 0 4 _aالمقالات العربية .
942 _2ddc
_cBK
999 _c62233
_d62233